000 01814nam a2200361 c 4500
999 _c412753
_d412753
003 BLK
005 20210507084201.0
008 180409b bul|||||r ||||||| ||bul||
040 _aBLK
041 _aBUL
_cBUL
080 _aЛозарство. Лози
_b634.8
_x:632.1
_z634.8:632.1
080 _aНепаразитни болести и болести, причинени от различни природни явления(студ, суша, градушка и др. )
_b632.1
_z632.1
139 _aМаната (балсарата) и предпазвание лозята от нея
245 1 0 _aМаната (балсарата) и предпазвание лозята от нея
257 _aBGR
260 _bМ-во на търговията и земледелието
_c1898
_9217625
_aСофия
300 _a10 с.
_c23 см
_bс ил.
380 _a63
490 _aКолекция Редки и ценни издания
_9435080
650 4 _aЛоза - болести и вредители
_9268344
650 4 _aРастителна защита - от вредители и болести
_9242375
653 _aлозарство
653 _aрастителна защита
653 _aболести по растенията
852 _aРб 898
_bРц
856 4 _qpdf
856 4 _qpdf
942 _cKNG
_n0
_s1
944 _aCR
_c2021-05-07
_kНР